| 000 | 00370cam a2200145ua 4500 | ||
|---|---|---|---|
| 041 |
_aeng _h |
||
| 082 |
_a828.09 _bDUT/SH |
||
| 100 | _aDuthie, George Lan . | ||
| 245 |
_aShakespeare / _cGeorge Lan Duthie. _hTextual Documents |
||
| 260 |
_aLondon : _bHutchinson University Ghronmy , _c1966. |
||
| 300 | _a207 ; . | ||
| 504 | _a | ||
| 942 | _cBK | ||
| 999 |
_c3572 _d3572 |
||